Регионална библиотека "Любен Каравелов" - Русе

Слен (Запис номер 26933)

MARC детайли
000 -Лидер
Контролно поле с фиксирана дължина 00815nam a2200277 c 4500
003 - Код на организацията, давaща контролен номер
Контролно поле BLK
005 - Дата и час на последна редакция
Контролно поле 20180413120931.0
008 - Елементи от данни с фиксирана дължина
fixed length control field 180413b bul|||||r ||||||| ||bul||
010 ## - Наследен системен номер
LC control number KNG00029494000
020 ## - Международен стандартен номер на книга ISBN
Международен стандартен номер на книга ISBN 954-8811-16-2
-- издат.: Офир
040 ## - Източник на каталожния запис
Идентификатор на билиотеката - собственик на записа BLK
041 ## - Код за език
Код за езика на текст/звукозапис или на отделно заглавие Български
Код за езика КДБФ Български
080 ## - УДК
Текстов определител УДК Американска литература (на САЩ)
УДК код - определител по УДК 821.111(73)
УДК определител -312.9
УДК - код + определител 821.111(73)-312.9
139 ## - Редно поле
Редна дума Слен
Авторски знак Славч - С 44
245 10 - Сведения за заглавието
Заглавие Слен
Подзаглавни данни Роман
257 ## - Страна на издаване
Страна на създаване/издаване Съединени американски щати
260 ## - Област на издателските данни
-- Бургас
Име на издателя, разпространителя и проч. Офир
Година на издаване 1999
300 ## - Физическа характеристика
Страници 240 с.
Размери/Мащаб 20 см
380 ## - Жанр
Жанр Худож. лит.
490 1# - СЕРИИ (Колекции)
Име на серия Библиотека Фантастика
№: серия 36
852 ## - Местоположение
Форматна сигнатура Цб 202701
856 4# - Електронен адрес и достъп
Електронен формат pdf - файл
Път до файла /url/
856 4# - Електронен адрес и достъп
Електронен формат pdf - файл
Път до файла /url/
942 ## - АРТИКУЛИ
Вид на библиотечния материал Книги
Скрит в OPAC Не
944 ## - СЪЗДАВАНЕ И РЕДАКЦИЯ на ЗАПИСА
Създаване/Редакция Създаване
Дата на регистрацията/редакция 15.01.2003
Служител, извършил регистрацията/редакцията AB_DOS
944 ## - СЪЗДАВАНЕ И РЕДАКЦИЯ на ЗАПИСА
Създаване/Редакция Редакция
Дата на регистрацията/редакция 17.02.2017
Служител, извършил регистрацията/редакцията Ивелин_Попов
999 ## - СИСТЕМНИ КОНТРОЛНИ НОМЕРА
Koha biblionumber 26933
Koha biblioitemnumber 26933
Наличности
Код за отписване Код за изгубен артикул Източник на класификационната схема Код за повреда Коз за рестрикции Код за отдаване Артикулен № Име на библиотеката - собственик Име на библиотеката, в която се намира в момента Статус (Текущо местоположение) Дата на вписване в системата Местоположение - отдел Цена в лева Инвентарен номер Систематично азбучна сигнатура Баркод Номер на екземпляра Цена в евро Служебна бележка Служебен тип на артикула
  Не е изгубен Universal Decimal Classification Не е повреден само за читалня ползва се в читалня 43633 Регионална библиотека "Любен Каравелов" Русе Регионална библиотека "Любен Каравелов" Русе Хранилище 2001-01-01 Основен фонд - ползва се само за читалня 4.20 651670 Цб 298797 120000651670 1 2.15 Дата: 01.01.1999 Дата инв: 08.09.2015 Бележки инв: Д2015 Книги
Vip Innovations Ltd, Rousse, Bulgaria 2025